Best of Ikebana, Sogetsu School / (Record no. 858043)

MARC details
000 -LEADER
fixed length control field 00864nam a2200289 a 4500
001 - CONTROL NUMBER
control field vtls001402940
003 - CONTROL NUMBER IDENTIFIER
control field NLI
005 - DATE AND TIME OF LATEST TRANSACTION
control field 20210627113241.0
008 - FIXED-LENGTH DATA ELEMENTS--GENERAL INFORMATION
fixed length control field 121127s1962 ja 000 0 eng
020 ## - INTERNATIONAL STANDARD BOOK NUMBER
Terms of availability USD 10.00
039 #9 - LEVEL OF BIBLIOGRAPHIC CONTROL AND CODING DETAIL [OBSOLETE]
-- 201211272020
-- VLOAD
040 ## - CATALOGING SOURCE
Original cataloging agency NLI
Language of cataloging eng
Transcribing agency Datasoft_2012
Description conventions AACR2
041 1# - LANGUAGE CODE
Language code of text/sound track or separate title eng
044 ## - COUNTRY OF PUBLISHING/PRODUCING ENTITY CODE
MARC country code ja
082 04 - DEWEY DECIMAL CLASSIFICATION NUMBER
Classification number 635.9663
100 1# - MAIN ENTRY--PERSONAL NAME
Personal name Teshigahara, Sofu
9 (RLIN) 978999
245 10 - TITLE STATEMENT
Title Best of Ikebana, Sogetsu School /
Statement of responsibility, etc. Sofu Teshogahara ; translated by Hisako Komine
260 ## - PUBLICATION, DISTRIBUTION, ETC.
Place of publication, distribution, etc. Tokyo :
Name of publisher, distributor, etc. Shufunotomo,
Date of publication, distribution, etc. 1962
300 ## - PHYSICAL DESCRIPTION
Extent 90 p. ;
Dimensions 26 cm.
650 #0 - SUBJECT ADDED ENTRY--TOPICAL TERM
Topical term or geographic name entry element Flower arrangement, Japanese
General subdivision Ohara school
9 (RLIN) 974514
700 1# - ADDED ENTRY--PERSONAL NAME
Personal name Komine, Hisako,
Relationship trl
9 (RLIN) 979000
887 ## - NON-MARC INFORMATION FIELD
Content of non-MARC field
901 ## - LOCAL DATA ELEMENT A, LDA (RLIN)
a 386184
b 12.03.1968
902 ## - LOCAL DATA ELEMENT B, LDB (RLIN)
a E/O 635.9663 T 283
949 ## - LOCAL PROCESSING INFORMATION (OCLC)
-- VIRTUAITEM
-- 10000
-- 100
6 PUR000386184ENG
942 ## - ADDED ENTRY ELEMENTS (KOHA)
Source of classification or shelving scheme Dewey Decimal Classification
Koha item type Books
Holdings
Withdrawn status Lost status Damaged status Not for loan Collection code Home library Current library Shelving location Date acquired Total Checkouts Full call number Barcode Date last seen Price effective from Koha item type
        New English Oversized National Library of India National Library of India New English Oversized - Main Stack Division     E/O 635.9663 T 283 PUR000386184ENG 27/06/2021 27/06/2021 Books
                                                                           
web counter

Copyright ©2020 The National Library of India, Govt. of India ↔ Hosted by NVLI, MOC ↔ Technology and Design by National Library of India, Ministry of Culture, Govt. of India